| 000 | 00512nam a2200181 4500 | ||
|---|---|---|---|
| 001 | 111585 | ||
| 003 | ES-MaACL | ||
| 005 | 20230906185328.0 | ||
| 007 | t| | ||
| 008 | 061121s1970 ag r ||||1| spa d | ||
| 100 | 1 |
_aNeruda, Pablo, _d1904-1973 _985398 |
|
| 245 | 1 | 0 |
_a20 poemas de amor y una canción desesperada / _cPablo Neruda. |
| 250 | _a14ª ed. | ||
| 260 |
_aBuenos Aires : _bLosada, _c1970. |
||
| 300 |
_a105 p. ; _c18 cm. |
||
| 852 |
_aES-MaACL _jC-56666 _bR.89426 |
||
| 999 |
_c111585 _d111585 |
||